[Event "Medellin Castro Memorial op-B 31st"]
[Site "Medellin"]
[Date "2024.08.08"]
[Round "2"]
[White "Olarte Puerta, Carlos Andres"]
[Black "Arango Sanchez, Cesar Augusto"]
[Result "1-0"]
[WhiteElo "1845"]
[BlackElo "1600"]
[PlyCount "53"]
[EventDate "2024.08.07"]
[EventType "swiss"]
[EventRounds "9"]
[EventCountry "COL"]
[SourceTitle "CBM 221 Extra"]
[Source "ChessBase"]
[SourceDate "2024.09.30"]
[SourceVersion "1"]
[SourceVersionDate "2024.09.30"]
[SourceQuality "1"]

1. d4 f5 2. c4 e6 3. Nc3 Bb4 4. Nh3 Bxc3+ 5. bxc3 Nf6 6. f3 b6 7. g3 Bb7 8. Bg2 d5 9. Ba3 h6 10. 0-0 Kf7 11. c5 Nc6 12. e4 fxe4 13. fxe4 Kg6 14. e5 Rf8 15. exf6 Rxf6 16. Qd3+ Kf7 17. Rxf6+ gxf6 18. Qh7+ Ke8 19. Re1 e5 20. Qg8+ Kd7 21. Qxd5+ Kc8 22. Qe6+ Qd7 23. Qxd7+ Kxd7 24. d5 Na5 25. c6+ Nxc6 26. dxc6+ Bxc6 27. Rd1+ 1-0

[Event "Medellin Castro Memorial op-B 31st"]
[Site "Medellin"]
[Date "2024.08.08"]
[Round "3"]
[White "Rosero Yepez, Laura Daniela"]
[Black "Olarte Puerta, Carlos Andres"]
[Result "0-1"]
[WhiteElo "1555"]
[BlackElo "1845"]
[PlyCount "50"]
[EventDate "2024.08.07"]
[EventType "swiss"]
[EventRounds "9"]
[EventCountry "COL"]
[SourceTitle "CBM 221 Extra"]
[Source "ChessBase"]
[SourceDate "2024.09.30"]
[SourceVersion "1"]
[SourceVersionDate "2024.09.30"]
[SourceQuality "1"]

1. d4 Nf6 2. Nf3 e6 3. Bf4 c5 4. c3 Nc6 5. e3 Nh5 6. Bg3 Qb6 7. b3 cxd4 8. Nxd4 Nxg3 9. hxg3 Nxd4 10. Qxd4 Qa5 11. b4 Qg5 12. Be2 d5 13. Nd2 Bd6 14. Nf3 Qg6 15. Bd3 f5 16. Bb5+ Bd7 17. Bxd7+ Kxd7 18. b5 Rhc8 19. Rc1 Rc4 20. Ne5+ Bxe5 21. Qxe5 Re4 22. Qxe4 dxe4 23. Rd1+ Kc7 24. 0-0 Rd8 25. Rc1 Rd3 0-1

[Event "COL-chB U1800"]
[Site "Antioquia"]
[Date "2018.12.09"]
[Round "6"]
[White "Olarte Puerta, Carlos Andres"]
[Black "Vasquez Giraldo, Jovanny"]
[Result "1-0"]
[WhiteElo "1708"]
[BlackElo "1334"]
[PlyCount "37"]
[EventDate "2018.12.06"]
[EventType "swiss"]
[EventRounds "7"]
[EventCountry "COL"]
[SourceTitle "CBM 190 Extra"]
[Source "ChessBase"]
[SourceDate "2019.07.15"]
[SourceVersion "1"]
[SourceVersionDate "2019.07.15"]
[SourceQuality "1"]

1. d4 e6 2. c4 d5 3. Nc3 Nf6 4. cxd5 exd5 5. Bg5 Bb4 6. e3 Bxc3+ 7. bxc3 h6 8. Bh4 g5 9. Bg3 Ne4 10. Be5 Rg8 11. Qh5 Rg6 12. f4 Nf6 13. Qd1 Bg4 14. Bxf6 Qxf6 15. Qxg4 Nd7 16. Bd3 Rg8 17. Nf3 0-0-0 18. Ne5 Rge8 19. Bf5 1-0

[Event "Medellin Aristizabal Cup"]
[Site "Medellin"]
[Date "2018.07.08"]
[Round "7"]
[White "Llano Buritica, Eduardo Alejandro"]
[Black "Olarte Puerta, Carlos Andres"]
[Result "0-1"]
[WhiteElo "1829"]
[BlackElo "1699"]
[PlyCount "52"]
[EventDate "2018.07.04"]
[EventType "swiss"]
[EventRounds "7"]
[EventCountry "COL"]
[SourceTitle "CBM 185 Extra"]
[Source "ChessBase"]
[SourceDate "2018.07.29"]
[SourceVersion "1"]
[SourceVersionDate "2018.07.29"]
[SourceQuality "1"]

1. d4 Nf6 2. c4 e5 3. dxe5 Ng4 4. Bf4 Nc6 5. Nf3 Bb4+ 6. Nc3 Qe7 7. Qd5 f6 8. exf6 Bxc3+ 9. bxc3 Nxf6 10. Qd3 d6 11. g3 0-0 12. Bg2 h6 13. 0-0 Nd7 14. Qd5+ Rf7 15. Nd4 Nde5 16. Rae1 Rb8 17. Bxe5 Nxe5 18. Qa5 a6 19. Bd5 Bh3 20. f4 Bxf1 21. Rxf1 Ng4 22. Nf5 Qxe2 23. Bg2 Rxf5 24. Qxf5 Qe3+ 25. Kh1 Nf2+ 26. Rxf2 Qxf2 0-1

[Event "Antioquia op-B"]
[Site "Medellin"]
[Date "2018.04.28"]
[Round "4"]
[White "Llano Buritica, Eduardo Alejandro"]
[Black "Olarte Puerta, Carlos Andres"]
[Result "0-1"]
[WhiteElo "1820"]
[BlackElo "1690"]
[PlyCount "120"]
[EventDate "2018.04.25"]
[EventType "swiss"]
[EventRounds "7"]
[EventCountry "COL"]
[SourceTitle "CBM 184 Extra"]
[Source "ChessBase"]
[SourceDate "2018.06.28"]
[SourceVersion "1"]
[SourceVersionDate "2018.06.28"]
[SourceQuality "1"]

1. d4 Nf6 2. c4 e5 3. dxe5 Ng4 4. Bf4 Nc6 5. Nf3 Bb4+ 6. Nc3 Qe7 7. Qd5 f6 8. exf6 Bxc3+ 9. bxc3 Nxf6 10. Qd3 d6 11. g3 0-0 12. Bg2 h6 13. 0-0 Ne4 14. Nh4 Nc5 15. Bd5+ Rf7 16. Bxf7+ Qxf7 17. Qg6 Qxc4 18. Qe8+ Kh7 19. Qg6+ Kg8 20. Bxh6 Qxc3 21. Rfc1 Qe5 22. Nf3 Qf6 23. Qe8+ Kh7 24. Bg5 Qg6 25. Qxg6+ Kxg6 26. Be3 Ne4 27. Nh4+ Kf6 28. Ng2 Bf5 29. f3 Ng5 30. h4 Nf7 31. Nf4 Rc8 32. g4 Be6 33. Rab1 Nfd8 34. Nh5+ Kf7 35. Rc2 Bd7 36. Nf4 b5 37. Nd5 Be6 38. Nf4 Bc4 39. a4 a6 40. Kf2 Ne6 41. Nd3 Ncd4 42. Bxd4 Nxd4 43. Rc3 c6 44. e3 Ne6 45. Nb2 d5 46. Nxc4 dxc4 47. Rd1 Nc5 48. axb5 cxb5 49. Rd4 Rc7 50. Ke2 Nb3 51. Re4 a5 52. Kd1 Rd7+ 53. Kc2 Rd2+ 54. Kb1 a4 55. Rxb3 axb3 56. Kc1 c3 57. Rb4 b2+ 58. Kb1 Rd1+ 59. Kc2 Rc1+ 60. Kd3 b1Q+ 0-1

[Event "Medellin Luces Cup"]
[Site "Medellin"]
[Date "2017.12.19"]
[Round "3"]
[White "Moncada Correa, Sara"]
[Black "Olarte Puerta, Carlos Andres"]
[Result "0-1"]
[WhiteElo "1528"]
[BlackElo "1687"]
[PlyCount "59"]
[EventDate "2017.12.18"]
[EventType "swiss"]
[EventRounds "7"]
[EventCountry "COL"]
[SourceTitle "CBM 182 Extra"]
[Source "ChessBase"]
[SourceDate "2018.02.23"]
[SourceVersion "1"]
[SourceVersionDate "2018.02.23"]
[SourceQuality "1"]

1. d4 e6 2. c4 f5 3. g3 Nf6 4. Bg2 Be7 5. Nf3 d6 6. Qc2 h6 7. Nc3 Nbd7 8. e4 fxe4 9. Nxe4 0-0 10. 0-0 Nxe4 11. Qxe4 Nf6 12. Qc2 Bd7 13. Nh4 Nh7 14. Ng6 Rf7 15. Nxe7+ Qxe7 16. Bxb7 Raf8 17. Bg2 h5 18. Qg6 Be8 19. Be4 Rf5 20. Bxf5 Bxg6 21. Bxg6 h4 22. Be4 hxg3 23. hxg3 Ng5 24. Bg2 Nf3+ 25. Bxf3 Rxf3 26. Bf4 g5 27. Be3 Rf5 28. Kg2 g4 29. Rh1 c5 30. Rh4 0-1